Marvel and DC copycats - Statistics

General Stats
  • This quiz has been taken 67 times
  • The average score is 10 of 17
Answer Stats
Marvel DC % Correct
Black Cat Catwoman
92%
Namor Aquaman
90%
Quicksilver Flash
86%
Hawkeye Green Arrow
86%
Deadpool Deathstroke
75%
Thanos Darkseid
71%
Man-Thing Swamp Thing
65%
Doctor Strange Doctor Fate
61%
Mr Fantastic Plastic Man
61%
Falcon Hawkman
57%
Tigra Cheetah
45%
Scarlet Witch Zatanna
45%
Black Widow Black Canary
43%
Nova Corps Green Lantern Corps
35%
Sandman Clayface
33%
Electro Black Lightning
29%
The Winter Soldier Red Hood
29%
No matching quizzes found
Score Distribution
Percent of People with Each Score
Percentile by Number Answered
Your Score History
You have not taken this quiz